Normal view
MARC view
Entry Personal Name
001 - CONTROL NUMBER
- control field: 5403
003 - CONTROL NUMBER IDENTIFIER
- control field: ARRUPE
005 - DATE AND TIME OF LATEST TRANSACTION
- control field: 20131210141349.0
008 - FIXED-LENGTH DATA ELEMENTS
- fixed length control field: 131210|| aca||aabn | a|a d
040 ## - CATALOGING SOURCE
- Original cataloging agency: ARRUPE
- Transcribing agency: ARRUPE
100 ## - HEADING--PERSONAL NAME
- Personal name: Popieluszko
670 ## - SOURCE DATA FOUND
- Source citation: Work cat.: (ARRUPE): Popieluszko, LE Chemin DE ma Croix, 1985